|
|
|
|
| LEADER |
01159cam a2200241 a 4500 |
| 001 |
0000120962 |
| 005 |
20101004090000.0 |
| 040 |
|
|
|a mod
|
| 041 |
|
|
|a eng
|
| 020 |
|
|
|a 9676526614
|
| 090 |
0 |
0 |
|a 899.232
|b BIL
|e 1994
|
| 245 |
1 |
0 |
|a Bila retak Kota Melaka
|c diselenggarakan oleh Aziz Jahpin
|
| 260 |
|
|
|a Kuala Lumpur
|b Fajar Bakti
|c 1994
|
| 300 |
|
|
|a xiv, 164 p.
|c 22 cm
|
| 490 |
0 |
|
|a Siri sastera moden Fajar Bakti
|
| 505 |
0 |
0 |
|a Kisah tiba cerita mendatang / Aziz Jahpin -- Bila retak Kota Melaka / Aziz Jahpin -- Warga tak bernama / Aziz Jahpin -- Tinggi-tinggi si matahari / Malina Manja -- Damit / Aziz Jahpin -- Wakil tuan / Malina Manja -- Piatu puaka / Aziz Jahpin.
|
| 650 |
0 |
0 |
|a Malay drama
|
| 700 |
1 |
|
|a Aziz Jahpin
|c 1928-
|
| 700 |
1 |
|
|a Malina Manja
|c 1937-
|
| 999 |
|
|
|a 2000000263
|b IPDA
|d BOOKS
|e Hadiah - Umum
|f IPDA
|j AVAILABLE
|q GOOD CONDITION
|
| 999 |
|
|
|a 2000000264
|b IPDA
|d BOOKS
|e Hadiah - Umum
|f IPDA
|j AVAILABLE
|q GOOD CONDITION
|
| 999 |
|
|
|a B000002450
|b PU SUBANG (TUDM SUBANG)
|d BOOKS
|e Umum
|f PU Subang (TUDM Subang)
|j AVAILABLE
|q GOOD CONDITION
|
| 999 |
|
|
|a B000019526
|b PU SUBANG (TUDM SUBANG)
|d BOOKS
|e Fiksyen (FM)
|f PU Subang (TUDM Subang)
|j AVAILABLE
|q GOOD CONDITION
|